00581cam a2200205ua 4500001000400000008003900004040000900043041001200052082001200064100002000076245004600096250000900142260003300151300001600184653001800200700002400218942000700242999001300249952011300262116161026n1970 II |||gr||||Z||||||eng aMAIN aEnglish a822 DUT aDUTTA, PROF, S. aSHAKESPEARE : THE TWO GENTLEMAN OF VERONA a1ST. aGUWAHATIbBANI PRAKASHc1970 a000:c18CM. aEnglish drama aDUTTA. S.,eEDITOR. cBK c116d116 001040708REFENGaMAINbMAINcENRF#d1967-04-19o822 DUTp00134r2020-02-27 00:00:00t1w2020-02-27yBKzV